| 000 | 00991nas a2200253Ia 4500 | ||
|---|---|---|---|
| 001 | R018/42759 | ||
| 003 | IT-RoPAU | ||
| 008 | 151124c99999999xx |||||||||||| ||und|| | ||
| 040 | _aIT-RoPAU | ||
| 040 | _cIT-RoPAU | ||
| 041 | _aFRANCESE | ||
| 100 |
_aWilson Michael _gCodice Aut. SPICS: 443 |
||
| 210 | _aFILM ECHANGE | ||
| 222 | _aFilm Echange | ||
| 245 |
_aFILM ECHANGE, ANNO 01-N.01 (INVERNO 1978) _bNouvelle Loi Sur Le Copyright Aux Etats-Unis (La) |
||
| 250 | _a1a ed. | ||
| 260 |
_aPARIS _bS.A.C.T. _c1978 |
||
| 501 |
_bPaulus - SPICS - Società San Paolo EM (non-commercial uses only) _cCopyright2015 |
||
| 300 | _a11 p. [19-29] | ||
| 362 | _aANNO 001, N.01 (INVERNO 1978) | ||
| 500 | _aNuova Legge Sul Copyright Negli Stati Uniti. Regime Federale Uniforme. Oggetto ed Estensione del Diritto D'Autore. Durata del Diritto D'Autore. Trasferimento del Diritto D'Autore. Formalità Inerenti al Diritto D'Autore. | ||
| 650 |
_aCINEMA _vPUBBLICAZIONE PERIODICA |
||
| 942 | _cCR | ||
| 999 |
_c109365 _d109365 |
||